Un relato enmarañado /
שמור ב:
| מחבר ראשי: | |
|---|---|
| מחברים אחרים: | , |
| פורמט: | אלקטרוני ספר אלקטרוני |
| שפה: | ספרדית אנגלית |
| יצא לאור: |
Ciudad de México :
Bonilla Artigas Editores,
[2016]
|
| סדרה: | Textopías ;
2. |
| נושאים: | |
| גישה מקוונת: | Digitalia Hispánica |
| תגים: |
הוספת תג
אין תגיות, היה/י הראשונ/ה לתייג את הרשומה!
|
MARC
| LEADER | 00000nam a2200000Ii 4500 | ||
|---|---|---|---|
| 001 | DIGBONART0129 | ||
| 003 | NyNyDIG | ||
| 007 | cr ||||||||||| | ||
| 008 | 220309s2016 mx a o 000 0 spa d | ||
| 006 | m o d | ||
| 035 | |a (OCoLC)1319851679 | ||
| 040 | |a DGITA |b eng |e rda |e pn |c DGITA | ||
| 041 | 1 | |a spa |h eng | |
| 020 | |a 9786078450732 |q eBook |q pdf | ||
| 020 | |z 9786078450459 | ||
| 050 | 1 | 4 | |a PE1119 ebook |
| 100 | 1 | |a Carroll, Lewis, |d 1832-1898, |e author. | |
| 240 | 1 | 0 | |a Tangled Tale. |l Spanish |s (Puentes Vásquez) |
| 245 | 1 | 3 | |a Un relato enmarañado / |c Lewis Carroll ; traducción de Elsa Puentes Vásquez ; ilustraciones de Arthur B. Frost. |
| 264 | 1 | |a Ciudad de México : |b Bonilla Artigas Editores, |c [2016] | |
| 300 | |a 1 online resource : |b illustrations. | ||
| 336 | |a text |b txt |2 rdacontent | ||
| 337 | |a computer |b c |2 rdamedia | ||
| 338 | |a online resource |b cr |2 rdacarrier | ||
| 347 | |a text file |2 rdaft | ||
| 347 | |b PDF | ||
| 490 | 1 | |a Textopías ; |v 2 | |
| 588 | 0 | |a Online resource; title from PDF title page (Digitalia, viewed March 13, 2022) | |
| 650 | 0 | |a Readers (Primary) | |
| 650 | 0 | |a Tail |v Juvenile fiction. | |
| 655 | 0 | |a Electronic books. | |
| 700 | 1 | |a Frost, A. B. |q (Arthur Burdett), |d 1851-1928, |e illustrator. | |
| 700 | 1 | |a Puentes Vásquez, Elsa, |e translator. | |
| 700 | 1 | |i Traslation of: |a Carroll, Lewis, |d 1832-1898. |t Tangled Tale. | |
| 791 | 2 | |a Digitalia (Firm), |e distributor. | |
| 793 | 0 | |g Digitalia eBook Collection: |a Bonilla Artigas Editores | |
| 776 | 0 | 8 | |i Print version: |a Carroll, Lewis, 1832-1898. |s Tangled Tale. Spanish (Puentes Vásquez). |t Relato enmarañado. |b Primera edición. |d Ciudad de México : Bonilla Artigas Editores, [2016] |z 9786078450459 |
| 830 | 0 | |a Textopías ; |v 2. | |
| 856 | 4 | 0 | |3 Digitalia Hispánica |u https://digitalia.unach.elogim.com/a/81429/ |
| 910 | |a Premium collection: 2022 | ||